Statistics for Country Neighbour Connect with Map: Northernmost Point, starting with World's Northernmost Point

Click here to take the quiz!

General Stats

  • This quiz has been taken 755 times
  • The average score is 93 of 157

Answer Stats

Country % Correct
Canada
100%
United States
99%
Mexico
98%
Belize
96%
Honduras
95%
Guatemala
95%
Nicaragua
94%
Colombia
93%
Costa Rica
93%
Panama
93%
Guyana
92%
Venezuela
92%
Suriname
91%
France
86%
Germany
80%
Denmark
79%
Russia
75%
Poland
75%
Norway
74%
Finland
74%
Lithuania
73%
Latvia
73%
Estonia
73%
Sweden
73%
Ukraine
72%
Belarus
72%
Romania
71%
Moldova
71%
Hungary
71%
Czech Republic
71%
Austria
71%
Slovakia
71%
Switzerland
70%
Croatia
70%
Serbia
70%
Italy
69%
Slovenia
69%
Liechtenstein
68%
Georgia
63%
Turkey
63%
Azerbaijan
63%
Iran
63%
Bulgaria
63%
Armenia
63%
Vatican City
63%
San Marino
63%
Macedonia
63%
Bosnia and
Herzegovina
63%
Montenegro
63%
Albania
63%
Kosovo
63%
Kyrgyzstan
62%
Mongolia
62%
China
62%
Kazakhstan
62%
Turkmenistan
62%
Vietnam
61%
Laos
61%
Cambodia
61%
Thailand
61%
Indonesia
61%
Malaysia
61%
Bangladesh
61%
Burma
61%
Tajikistan
61%
Uzbekistan
61%
Afghanistan
61%
Pakistan
61%
India
61%
Nepal
61%
East Timor
60%
Papua New Guinea
60%
Bhutan
59%
Brunei
59%
Israel
57%
Jordan
57%
Saudi Arabia
57%
Oman
57%
United Arab Emirates
57%
Kuwait
57%
Syria
57%
Lebanon
57%
North Korea
57%
Sri Lanka
57%
Iraq
57%
South Korea
57%
Algeria
56%
Spain
56%
Tunisia
56%
Morocco
56%
Egypt
56%
Libya
56%
Yemen
56%
Qatar
55%
Ireland
53%
United Kingdom
53%
Mali
52%
Sudan
51%
Ethiopia
51%
Portugal
51%
Chad
51%
Eritrea
51%
Mauritania
51%
Niger
51%
Benin
50%
Burkina Faso
50%
Togo
50%
Nigeria
50%
Côte d'Ivoire
50%
Ghana
50%
Kenya
50%
Djibouti
50%
Andorra
50%
Cameroon
50%
Somalia
50%
South Sudan
50%
Central African
Republic
50%
Gambia
49%
Senegal
49%
Guinea
49%
Liberia
48%
Guinea-Bissau
48%
Sierra Leone
48%
D. R. Congo
47%
Gabon
46%
Tanzania
46%
Uganda
46%
Rep. of the Congo
46%
Equatorial Guinea
46%
Namibia
45%
Angola
45%
Rwanda
45%
Zambia
45%
Burundi
45%
Mozambique
44%
Malawi
44%
Zimbabwe
44%
Botswana
44%
Netherlands
43%
Lesotho
43%
Greece
43%
South Africa
43%
Swaziland
43%
Luxembourg
42%
Belgium
42%
Haiti
41%
Dominican Republic
41%
Brazil
40%
Peru
40%
Uruguay
39%
Ecuador
39%
Paraguay
39%
Bolivia
39%
Argentina
39%
Chile
39%
Monaco
38%
El Salvador
38%

Score Distribution

Percentile by Number Answered

Percent of People with Each Score

Your Score History

You have not taken this quiz